Degrassi Characters Quiz Stats

 Plays Quiz Updated Jan 26, 2012

Score 0/38 Timer 08:00
1 Play Today
Actor Character % Correct
Cassie SteeleManny Santos
88.2%
Miriam McDonaldEmma Nelson
87.7%
Shane KippelGavin 'Spinner' Mason
84.9%
Aubrey GrahamJimmy Brooks
81.7%
Ryan CooleyJ. T. Yorke
81.2%
Lauren CollinsPaige Michalchuk
80.9%
Adamo RuggieroMarco Del Rossi
78.1%
Sarah Barrable-TishauerLiberty Van Zandt
75.3%
Jake EpsteinCraig Manning
72.6%
Charlotte ArnoldHolly J Sinclair
72.6%
Daniel ClarkSean Cameron
70.7%
Stacey FarberEllie Nash
70.3%
Aislinn PaulClare Edwards
68.1%
Shenae GrimesDarcy Edwards
68%
Raymond AblackSav Bhandari
67.6%
Jamie JohnstonPeter Stone
67.5%
Melissa McIntyreAshley Kerwin
66.9%
Jake GoldsbieToby Isaacs
66.7%
Melinda ShankarAlli Bhandari
65.2%
Actor Character % Correct
Nina DobrevMia Jones
65.1%
Mike LobelJay Hogart
58%
Samantha MunroAnya MacPherson
54.2%
Andrea LewisHazel Aden
52.7%
Paula BrancatiJane Vaughn
52.1%
Sam EarleK.C. Guthrie
51.7%
Deanna CasaluceAlex Nunez
49.4%
Dalmar AbuzeidDanny Van Zandt
48.1%
Argiris KarrasRiley Stavros
45.4%
AJ SaudinConnor
38.2%
Scott PatersonJohnny DiMarco
35.7%
Marc DonatoDerek Haig
32%
Judy JiaoLeia Chang
30.8%
Jordan HudymaBlue Chessex
30.8%
Evan WilliamsKelly Ashoona
27.1%
Mazin ElsadigDamian Hayes
21.2%
Steve BelfordJesse Stefanovic
19.8%
Marc MinardiLucas Valieri
19.7%
Nathaniel StephensonGriffin Pierce-Taylor
16.1%

You're not logged in!

Compare scores with friends on all Sporcle quizzes.
OR
Log In

Sporcle TV

Today on Sporcle TV


Watch our educational content, quiz creation guides, and fun videos on Sporcle TV.

Show Comments

Extras

Top Quizzes Today


Score Distribution

Your Account Isn't Verified!

In order to create a playlist on Sporcle, you need to verify the email address you used during registration. Go to your Sporcle Settings to finish the process.

Report this User

Report this user for behavior that violates our Community Guidelines.

Details: